Gran diccionario de sinónimos, antónimos y parónimos

Guardat en:
Dades bibliogràfiques
Autor principal: Doezis, Michel (Autor)
Format: Llibre
Idioma:espanyol
Publicat: Santiago Ediciones Occidente 1997
Edició:12a. ed
Matèries:
Etiquetes: Afegir etiqueta
Sense etiquetes, Sigues el primer a etiquetar aquest registre!

MARC

LEADER 00000nam a2200000 a 4500
001 UCH5409
003 CL-VaPUC
008 091014e19970000CL |||||||||||||||||spa|d
082 0 4 |a 463  |b DOE  |2 21 
100 0 |a Doezis, Michel  |e author  |9 541686 
245 1 0 |a Gran diccionario de sinónimos, antónimos y parónimos 
250 |a 12a. ed 
300 |a 531 p 
942 |c BK 
945 |d 20091014 00:00:00  |a lazolas 
260 |a Santiago  |b Ediciones Occidente  |c 1997 
650 0 |a Diccionarios  |9 256200 
650 0 |a Idioma español  |9 309143 
650 0 |a Sinónimos  |9 342614 
650 0 |a Antónimos   |9 357480 
650 7 |a PARONIMOS  |2 CL-VaPUC  |9 516142 
583 |a last modification  |c 20091014 00:00:00  |k Rodrigo Vera 
999 |c 336552  |d 336550